[Event "Catalunya-ch U16"]
[Site "Vila Seca"]
[Date "2011.04.16"]
[Round "1.1"]
[White "Domingo Mateu, Bernat"]
[Black "Tallo Dominguez, Imar"]
[Result "0-1"]
[WhiteElo "1629"]
[BlackElo "2204"]
[PlyCount "78"]
[EventDate "2011.04.16"]
[EventType "swiss"]
[EventRounds "8"]
[EventCountry "ESP"]
[SourceTitle "EXT 2015"]
[Source "ChessBase"]
[SourceDate "2014.11.20"]
[SourceVersion "1"]
[SourceVersionDate "2014.11.20"]
[SourceQuality "1"]

1. e4 c5 2. Nf3 d6 3. d4 cxd4 4. Qxd4 a6 5. Be3 Nc6 6. Qb6 Qxb6 7. Bxb6 g6 8. Nc3 Nf6 9. Be2 Bg7 10. 0-0 Bg4 11. h3 Bxf3 12. Bxf3 Rc8 13. Be3 0-0 14. Rfd1 Nb4 15. Rd2 Nd7 16. a3 Rxc3 17. axb4 Rc4 18. c3 Ne5 19. Be2 Rxe4 20. Bd4 Bh6 21. Rc2 Rc8 22. Bxe5 Rxe5 23. Bf3 Rc7 24. Re2 Rxe2 25. Bxe2 f5 26. b5 axb5 27. Bxb5 Kf7 28. Ra7 Bc1 29. b3 Rxc3 30. Rxb7 Ba3 31. Ba4 Rc1+ 32. Kh2 Bc5 33. f3 f4 34. g4 Rc2+ 35. Kh1 Rb2 36. Bc6 Kf6 37. Bd5 Kg5 38. Rxe7 Kh4 39. Rxh7+ Kg3 0-1